Statistiken für Schnellste Tiere der Welt! (Landtiere) Deutsch / German

Klicken Sie hier um das Quiz zu spielen!

Allgemein

  • Dieses Quiz wurde 588 mal gespielt
  • Das Durchschnittsergebnis liegt bei 8 aus 18

Antwortstatistiken

GeschwindigkeitOrdnungTier% Korrekt
110 km/hRaubtierGepard
94%
55 km/hRaubtierLöwe
88%
88 km/hUnpaarhuferAmerican Quarter Horse
78%
72 km/hLaufvogelStrauß
78%
40 km/hRüsseltierAfrikanischer Elefant
77%
80 km/hPaarhuferThomsen Gazelle
58%
60 km/hUnpaarhuferZebra
55%
80 km/hPaarhuferGnu
44%
50 km/hUnpaarhuferNashorn
43%
50 km/hPaarhuferFlusspferd
39%
80 km/hHasenartigeFeldhase
25%
40 km/hRaubtierEisbär
21%
88 km/hDiprodontiaRotes Riesenkänguru
21%
60 km/hPaarhuferElch
18%
70 km/hRaubtierWindhund
14%
88 km/hPaarhuferMexikanischer Gabelbock
11%
69 km/hRaubtierKoyote
2%
65 km/hRaubtierAfrikanischer Windhund
0%

Verteilung der Resultate

Perzentil nach korrekt beantworteten Fragen

Anzahl Personen mit jedem Resultat

Ihre Resultats-Entwicklung

Sie haben dieses Quiz noch nicht gespielt